| 000 | 00990nas a2200337 4500 | ||
|---|---|---|---|
| 001 | BR2014008170 | ||
| 003 | BR-BrBNA | ||
| 005 | 20231205124902.0 | ||
| 007 | ta | ||
| 008 | 230509b bl.|||p| |||| 00| 00por d | ||
| 040 |
_aBR-BrBNA _bpor _cBiblioteca Nacional de Agricultura |
||
| 041 | _a(En) | ||
| 072 | _aL50; M12 | ||
| 100 | 1 | _aCarneiro, J.G. | |
| 100 | 1 | _aRodrigues, J.A.G. | |
| 100 | 1 | _aTeles, F.B. | |
| 100 | 1 | _aCavalcante, A.B.D. | |
| 100 | 1 | _aBenevides, N.M.B. | |
| 245 | 1 | _aAnalysis of some chemical nutrients in four Brazilian tropical seaweeds | |
| 650 | _aALGA MARINHA | ||
| 650 | _aNUTRIENTE | ||
| 650 | _aCOMPOSIÇÃO QUÍMICA | ||
| 650 | _aANÁLISE QUÍMICA | ||
| 650 | _aÁGUA | ||
| 650 | _aCINZA | ||
| 650 | _aPROTEÍNA | ||
| 650 | _aCARBOIDRATO | ||
| 773 | 0 |
_tActa Scientiarum. Biological Sciences (Brazil) _xISSN 1679-9283 _g(Apr-Jun 2014), v. 36(2) p. 137-145 _wBR2014008170 |
|
| 909 |
_a202311 _bLúcia _c55 _dLúcia Elande |
||
| 942 |
_2AGRIS _n0 _cANA |
||
| 999 |
_c241426 _d241426 |
||